Olivia Rodrigo - Les Chansons traduites en français #3 - Statistiques

Statistiques générales
  • Ce quiz a été pris 12 fois
  • Le résultat moyen est 7 sur 10
Statistiques - réponses
Traductions Chansons % Correct
Tout ce que je veux All I Want
100%
Violet purple
100%
Rêve d’adolescente teenage dream
100%
Tellement américain so american
91%
Un pas en avant, trois en arrière 1 step forward, 3 steps back
73%
Ballade d’une fille instruite à la maison ballad of a homeschooled girl
64%
J'espère que tu vas bien hope ur ok
64%
À ma façon my way
64%
Fumée de cigarette cigarette smoke
55%
Avoir le cerveau plein de vers maggots for brains
27%
Aucun quiz correspondant
Distribution des résultats
% des personnes avec chaque résultat
Percentile par nombre de réponses
Votre historique - résultats
Vous n’avez pas pris ce quiz